| 000 | 00393nam a2200145Ia 4500 | ||
|---|---|---|---|
| 008 | 221030s9999 xx 000 0 und d | ||
| 041 | _aEnglish | ||
| 082 | _a105.23 | ||
| 100 | _aP. C. Tripathi | ||
| 245 | 0 |
_aIndustrial Relations & Labour Laws _cby P. C. Tripathi, C. B. Gupta |
|
| 260 |
_bSultan Chand &Sons _aNew Delhi _c2009 |
||
| 650 | _aManagement | ||
| 700 | _aC. B. Gupta | ||
| 942 | _cBK | ||
| 999 |
_c8878 _d8878 |
||